3500 - Travis Scott feat. Future, 2 Chainz (Full lyrics) - Statistics

General Stats
  • This quiz has been taken 18 times
  • The average score is 822 of 1225
Answer Stats
Lyrics % Correct
I
100%
a
94%
A
94%
city
94%
five
94%
for
94%
hundred
94%
K
94%
no
94%
on
94%
on,
94%
Only-
94%
only-
94%
only
94%
Only
94%
R
94%
real
94%
Real
94%
slow
94%
The
94%
the
94%
Thirty-
94%
thirty-
94%
trill,
94%
trill
94%
Trill
94%
H-
88%
know
88%
nigga,
88%
nigga
88%
niggas,
88%
niggas
88%
Niggas
88%
you
88%
You
88%
you,
88%
in
81%
In
81%
keep
81%
movin'
81%
coat
75%
do
75%
float
75%
he
75%
it
75%
it,
75%
lot
75%
of
75%
to
75%
up
75%
Up
75%
up,
75%
we
75%
We
75%
Ain't
69%
ain't
69%
'em
69%
I'm
69%
me
69%
Me
69%
me,
69%
my
69%
My
69%
Scott
69%
shit
69%
them
69%
these
69%
These
69%
who
69%
Yeah,
69%
yeah,
69%
yeah
69%
your
69%
Your
69%
an
63%
and
63%
Fuck
63%
fuck
63%
nobody
63%
as
56%
back
56%
be
56%
bitch,
56%
bitch
56%
bitches
56%
champagne,
56%
down
56%
got
56%
Got
56%
is
56%
Ladies
56%
love
56%
One
56%
one
56%
Sundays
56%
than
56%
then
56%
they
56%
triller
56%
triller,
56%
what
56%
whole
56%
all
50%
All
50%
at
50%
Bandana
50%
bandana
50%
don't
50%
good
50%
gotta
50%
her
50%
Lord
50%
off
50%
out
50%
pool
50%
she
50%
touch
50%
Touch
50%
us
50%
when
50%
with
50%
bad
44%
children
44%
finna
44%
head
44%
hoes,
44%
hoes
44%
It's
44%
it's
44%
lean
44%
Look
44%
man,
44%
Metro
44%
Metro,
44%
mil',
44%
milk
44%
not
44%
NY,
44%
order
44%
room
44%
'round
44%
shoes
44%
some
44%
spot
44%
spot,
44%
swimmin'
44%
takin'
44%
that
44%
this
44%
This
44%
want
44%
wrapped-
44%
wrapped
44%
baby
38%
Boi
38%
breast
38%
by
38%
car
38%
chains
38%
Chase,
38%
cup
38%
drank
38%
dreamed
38%
elegant
38%
Emoji,
38%
faces
38%
from
38%
Gave
38%
hell
38%
hobby
38%
Hood
38%
I'll
38%
Jas
38%
Jr
38%
let
38%
like
38%
livin'
38%
made
38%
mean
38%
Monday
38%
name
38%
new
38%
pain,
38%
pools
38%
put
38%
radius
38%
red
38%
remind
38%
same
38%
tennis
38%
their
38%
time
38%
Time
38%
Tity
38%
wear
38%
about
31%
Actavis
31%
army
31%
bathtub
31%
been
31%
Boi's
31%
born
31%
buy
31%
carpet
31%
Clark
31%
dogs,
31%
Drinkin'
31%
drove
31%
favorite
31%
front
31%
get
31%
gold
31%
heart
31%
If
31%
Iggy
31%
just
31%
need
31%
never
31%
nights,
31%
option,
31%
option
31%
Painkillers,
31%
park
31%
pink
31%
pocketbooks
31%
poppin'
31%
rapper
31%
ride
31%
sad
31%
Scooter
31%
Scooter,
31%
sports
31%
Still
31%
still
31%
Town,
31%
truck
31%
ugly
31%
was
31%
weed
31%
180
25%
abandoned
25%
alias
25%
babysitter
25%
Backstroke
25%
bigger
25%
black
25%
bras
25%
Brinks
25%
can
25%
'countant
25%
Crib
25%
cups
25%
damn,
25%
didn't
25%
drugs,
25%
Forgiattos
25%
Free
25%
free
25%
gas
25%
God,
25%
gon'
25%
hustler,
25%
imagination
25%
I've
25%
lately,
25%
legitimate
25%
lobby
25%
loved
25%
Mercedes
25%
might
25%
money
25%
mug
25%
nappy
25%
ones
25%
pay
25%
pictures
25%
pill
25%
piss
25%
planet,
25%
Pour
25%
public
25%
racks
25%
ran
25%
Resident,
25%
Rolls
25%
Royce
25%
scared
25%
size
25%
Smoke
25%
spent
25%
station
25%
stoners
25%
that'll
25%
there
25%
though,
25%
through,
25%
through
25%
throw
25%
TV
25%
wait
25%
where
25%
Wraith
25%
wrist
25%
young
25%
bar
19%
Bentley
19%
Bobby,
19%
Call
19%
check
19%
come
19%
Doin'
19%
downin'
19%
drippin',
19%
Flyin'
19%
Grammy
19%
hair
19%
homies,
19%
Hop
19%
knew
19%
lil'
19%
Maybach
19%
mileage,
19%
mink
19%
neck
19%
old
19%
papi
19%
paraphernalia
19%
Percocets
19%
pray
19%
price
19%
promethazine
19%
proudly
19%
rumors,
19%
rumors
19%
run
19%
Say
19%
say
19%
somethin'
19%
trap
19%
We're
19%
yacht,
19%
yard
19%
'Yoncé
19%
auctions
13%
bring
13%
Coppin'
13%
fiendin'
13%
hallways,
13%
holdin'
13%
hot
13%
house
13%
Jag
13%
load
13%
mollies,
13%
momma's
13%
private,
13%
punani
13%
Rowdy,
13%
send
13%
Shmurda
13%
smell
13%
song
13%
Stack
13%
Styrofoams
13%
take
13%
built
6%
Chevelle
6%
comin',
6%
Leather
6%
marks
6%
motor
6%
payin'
6%
play
6%
rob
6%
thing,
6%
Tings
6%
tryna
6%
turn
6%
No matching quizzes found
Score Distribution
Percent of People with Each Score
Percentile by Number Answered
Your Score History
You have not taken this quiz